[Event "9MCR_4D_1L_4S"]
[Site "?"]
[Date "2010.??.??"]
[Round "?"]
[White "Bednarik, Radovan"]
[Black "Cakl, Miloslav"]
[Result "1/2-1/2"]
[WhiteElo "2043"]
[BlackElo "2041"]
[Annotator "020"]
[PlyCount "83"]
[EventDate "2010.??.??"]
[EventType "corr"]
[SourceDate "2002.06.29"]

1. d4 d5 2. c4 c6 3. Nc3 e6 4. e3 Nf6 5. Nf3 Nbd7 6. Bd3 dxc4 7. Bxc4 b5 8. Bd3
a6 9. e4 c5 10. d5 c4 11. dxe6 cxd3 12. exd7+ Qxd7 13. O-O Bb7 14. Re1 Bb4 15.
Bg5 Bxc3 16. bxc3 Nxe4 17. Nd2 f5 18. f3 h6 19. Bh4 O-O 20. fxe4 fxe4 21. Nxe4
Rac8 22. Rb1 Bxe4 23. Rxe4 Rxc3 24. Bf2 Rxf2 25. Kxf2 d2 26. g3 Qc6 27. Rd4 Qc5
28. Qg4 Rc1 29. Qe6+ Kf8 30. Qe3 d1=Q 31. Rxd1 Qc2+ 32. Qe2 Qf5+ 33. Ke3 Rxb1
34. Rxb1 Qxb1 35. Qf3+ Kg8 36. Qa8+ Kh7 37. Qe4+ Qxe4+ 38. Kxe4 Kg6 39. Kd5 Kf7
40. Kc6 Ke6 41. Kb6 Kd6 42. Kxa6 1/2-1/2

[Event "9MCR_4D_1L_4S"]
[Site "?"]
[Date "2010.??.??"]
[Round "?"]
[White "Bednarik, Radovan"]
[Black "Kyhos, Alois"]
[Result "0-1"]
[WhiteElo "2043"]
[BlackElo "2180"]
[Annotator "060"]
[PlyCount "102"]
[EventDate "2010.??.??"]
[EventType "corr"]
[SourceDate "2002.06.29"]

1. d4 Nf6 2. c4 e6 3. Nf3 b6 4. e3 Bb7 5. Bd3 Be7 6. O-O O-O 7. Nc3 d5 8. cxd5
exd5 9. b3 Nbd7 10. Bb2 Re8 11. Rc1 a6 12. Ne5 Bd6 13. f4 c5 14. Qf3 b5 15. a4
cxd4 16. exd4 bxa4 17. Nxa4 Rc8 18. Qh3 Rxc1 19. Rxc1 g6 20. Bc3 Be7 21. Rf1
Bf8 22. Bb1 a5 23. Bb2 Ba6 24. Re1 Qb8 25. Re3 Bb4 26. Qh4 Bd2 27. Rh3 Qb5 28.
Bd3 Qxb3 29. Bxa6 Qxa4 30. Bf1 Rb8 31. Nxd7 Qxd7 32. Qxf6 Rxb2 33. Rf3 a4 34.
f5 Rb3 35. Qe5 Rxf3 36. gxf3 Qc6 37. Qb8+ Kg7 38. Qe5+ Qf6 39. Qxd5 Qg5+ 40.
Kh1 Be3 41. Qe5+ Kh6 42. Qg3 Qxf5 43. Qh4+ Kg7 44. Qe4 Qxe4 45. fxe4 Bxd4 46.
Kg2 Kf6 47. Bc4 Ke5 48. Kf3 f6 49. h4 h5 50. Bd5 g5 51. hxg5 fxg5 0-1

[Event "9MCR_4D_1L_4S"]
[Site "?"]
[Date "2010.??.??"]
[Round "?"]
[White "Bednarik, Radovan"]
[Black "Portych, Vaclav"]
[Result "0-1"]
[WhiteElo "2043"]
[BlackElo "2129"]
[Annotator "075"]
[PlyCount "118"]
[EventDate "2010.??.??"]
[EventType "corr"]
[SourceDate "2002.06.29"]

1. d4 Nf6 2. c4 e6 3. Nc3 Bb4 4. Qc2 O-O 5. a3 Bxc3+ 6. Qxc3 b6 7. Bg5 Bb7 8.
f3 d6 9. Nh3 h6 10. Bd2 c5 11. dxc5 dxc5 12. e3 Nc6 13. Be2 Qe7 14. O-O e5 15.
Nf2 Rad8 16. Rad1 Qe6 17. Bc1 Ne7 18. b4 Nf5 19. Bb2 Rxd1 20. Bxd1 e4 21. f4
Rc8 22. Be2 h5 23. Qd2 Ne8 24. Rd1 h4 25. Qd7 Nxe3 26. Qxb7 Nxd1 27. Nxd1 Nd6
28. Qa6 e3 29. Be5 Nf5 30. Bg4 e2 31. Bxe2 Rd8 32. Bf3 Nd4 33. Bd5 Qf5 34. Bxd4
Qd3 35. Qa4 cxd4 36. Nf2 Qe3 37. Qd1 b5 38. Kf1 bxc4 39. Bxc4 Qxf4 40. Kg1 Rc8
41. Bf1 g6 42. Qg4 Qxg4 43. Nxg4 Rc3 44. Ne5 Rxa3 45. b5 Kg7 46. Kf2 f5 47. Nc6
d3 48. Ke3 f4+ 49. Kd2 g5 50. Bxd3 Ra2+ 51. Kc3 g4 52. Kb3 Ra1 53. Be4 Kf6 54.
Kc4 Ra4+ 55. Nb4 Kg5 56. Kb3 Ra1 57. Nc6 Rd1 58. Kc4 h3 59. gxh3 f3 0-1

[Event "9MCR_4D_1L_4S"]
[Site "?"]
[Date "2010.??.??"]
[Round "?"]
[White "Bednarik, Radovan"]
[Black "Stika, Vaclav"]
[Result "1-0"]
[WhiteElo "2043"]
[BlackElo "2106"]
[Annotator "037"]
[PlyCount "117"]
[EventDate "2010.??.??"]
[EventType "corr"]
[SourceDate "2002.06.29"]

1. d4 d5 2. c4 c6 3. Nc3 e6 4. e3 Nf6 5. Nf3 Nbd7 6. Bd3 dxc4 7. Bxc4 b5 8. Bd3
Bb7 9. e4 b4 10. Na4 c5 11. e5 Nd5 12. Nxc5 Nxc5 13. dxc5 Bxc5 14. O-O h6 15.
Nd2 Qc7 16. Re1 Rd8 17. Nb3 Ne7 18. Bb5+ Kf8 19. Qc2 Bb6 20. Qxc7 Bxc7 21. Bd2
Rd5 22. Bc4 Rxe5 23. Bxb4 Ke8 24. Be2 Bb6 25. Rac1 Rf5 26. Nc5 Bc6 27. Nd3 Bb5
28. g4 Rd5 29. Nf4 Bxe2 30. Nxd5 Nxd5 31. Rc8+ Bd8 32. Ba5 Kd7 33. Rxd8+ Rxd8
34. Bxd8 Bxg4 35. Ba5 Bf3 36. Rc1 e5 37. Kf1 f6 38. Ke1 a6 39. b4 Kd6 40. Rc8
Nf4 41. Rc7 Bd5 42. a3 g6 43. Kd2 h5 44. a4 g5 45. Ra7 Bc4 46. Rb7 Nh3 47. b5
axb5 48. axb5 Nxf2 49. b6 Ne4+ 50. Ke3 Bd5 51. Rh7 Ke6 52. b7 Bxb7 53. Rxb7 f5
54. Bd8 g4 55. Rh7 Nd6 56. Kd3 Nf7 57. Bh4 Nd6 58. Rh6+ Kd5 59. Rxh5 1-0

[Event "9MCR_4D_1L_4S"]
[Site "?"]
[Date "2010.??.??"]
[Round "?"]
[White "Bednarik, Radovan"]
[Black "Sykora, Josef"]
[Result "1/2-1/2"]
[WhiteElo "2043"]
[BlackElo "2319"]
[Annotator "026"]
[PlyCount "62"]
[EventDate "2010.??.??"]
[EventType "corr"]
[SourceDate "2002.06.29"]

1. d4 d5 2. c4 c6 3. Nc3 Nf6 4. Nf3 e6 5. e3 Nbd7 6. Bd3 dxc4 7. Bxc4 b5 8. Bd3
Bb7 9. e4 b4 10. Na4 c5 11. e5 Nd5 12. Nxc5 Nxc5 13. dxc5 Bxc5 14. O-O h6 15.
Nd2 Qc7 16. Re1 Rd8 17. Nb3 Ne7 18. Bb5+ Bc6 19. Bxc6+ Qxc6 20. Qg4 Nf5 21.
Nxc5 Qxc5 22. Be3 Qb5 23. Rac1 h5 24. Qg5 O-O 25. Qxh5 Rd5 26. Bxa7 Rxe5 27.
Qd1 Rd5 28. Qb3 Qa5 29. Be3 Nxe3 30. Rxe3 Rfd8 31. g3 Rd2 1/2-1/2

[Event "9MCR_4D_1L_4S"]
[Site "?"]
[Date "2010.??.??"]
[Round "?"]
[White "Cakl, Miloslav"]
[Black "Hlavacek, Ladislav"]
[Result "1-0"]
[WhiteElo "2041"]
[BlackElo "2004"]
[Annotator "012"]
[PlyCount "132"]
[EventDate "2010.??.??"]
[EventType "corr"]
[SourceDate "2002.06.29"]

1. e4 e5 2. Nf3 Nc6 3. Bb5 Bd6 4. O-O Nf6 5. d4 Qe7 6. d5 Nd8 7. Nh4 g6 8. Nc3
c6 9. Bd3 b5 10. a3 Nb7 11. Qf3 h6 12. Rd1 Nc5 13. b4 Nb7 14. Bd2 a5 15. Qh3
axb4 16. axb4 Rb8 17. Qf3 Bxb4 18. dxc6 Nd6 19. cxd7+ Bxd7 20. Nxb5 Bxd2 21.
Nxd6+ Qxd6 22. Rxd2 Qe7 23. Bc4 Bc6 24. Re2 Kf8 25. Bd5 Bxd5 26. exd5 Rb4 27.
Qg3 Rg4 28. Rxe5 Qb4 29. Qf3 Kg7 30. g3 Qb2 31. Ree1 Re4 32. Red1 Rhe8 33. Ra6
Re2 34. Ng2 Rxc2 35. Ne3 Rcc8 36. Rc6 Rxc6 37. dxc6 Rc8 38. Kg2 Qe5 39. Nc2 Qe7
40. Nd4 Qc5 41. Qb3 Rc7 42. Rd3 Qe5 43. Rd2 Ne4 44. Rd1 Qc5 45. f3 Nf6 46. Qb2
Rxc6 47. Nxc6 Qxc6 48. Rd4 Kg8 49. Rd8+ Kh7 50. Rb8 Ne8 51. Qb3 Nd6 52. g4 Qd7
53. h4 Qe7 54. Qc2 Kg7 55. Qb2+ f6 56. Rb6 Kg8 57. Kf1 Ne8 58. Qb1 Kf8 59. Qc1
Kg7 60. Qc6 Kf8 61. Rb7 Qd6 62. Qe4 f5 63. gxf5 gxf5 64. Qxf5+ Qf6 65. Qxf6+
Nxf6 66. Kf2 Ne8 1-0

[Event "9MCR_4D_1L_4S"]
[Site "?"]
[Date "2010.??.??"]
[Round "?"]
[White "Cakl, Miloslav"]
[Black "Kyhos, Alois"]
[Result "1/2-1/2"]
[WhiteElo "2041"]
[BlackElo "2180"]
[Annotator "006"]
[PlyCount "48"]
[EventDate "2010.??.??"]
[EventType "corr"]
[SourceDate "2002.06.29"]

1. e4 e5 2. Nf3 Nc6 3. Bc4 Nf6 4. d3 Be7 5. Nc3 d6 6. Be3 O-O 7. O-O Na5 8. Bb3
c6 9. d4 Qc7 10. h3 h6 11. Qd3 a6 12. Rfd1 b5 13. a3 Nxb3 14. cxb3 c5 15. dxe5
dxe5 16. Nd5 Nxd5 17. Qxd5 Be6 18. Qxe5 Qxe5 19. Nxe5 Bxb3 20. Nc6 Rfe8 21.
Nxe7+ Rxe7 22. Bxc5 Rxe4 23. Rd3 Bc4 24. Rd6 f6 1/2-1/2

[Event "9MCR_4D_1L_4S"]
[Site "?"]
[Date "2010.??.??"]
[Round "?"]
[White "Cakl, Miloslav"]
[Black "Portych, Vaclav"]
[Result "1/2-1/2"]
[WhiteElo "2041"]
[BlackElo "2129"]
[Annotator "051"]
[PlyCount "78"]
[EventDate "2010.??.??"]
[EventType "corr"]
[SourceDate "2002.06.29"]

1. e4 c5 2. g3 Nc6 3. Bg2 g6 4. Nc3 Rb8 5. Nf3 Bg7 6. d3 d6 7. O-O Nf6 8. Re1
Bg4 9. h3 Bxf3 10. Bxf3 O-O 11. a4 a6 12. h4 h5 13. Nd5 e6 14. Nxf6+ Bxf6 15.
c3 b5 16. axb5 axb5 17. Bf4 Qd7 18. Ra6 Rfc8 19. Qc2 Be5 20. Bg5 Ra8 21. Rea1
Rxa6 22. Rxa6 b4 23. Ra1 Rb8 24. Be3 Rb6 25. Qd2 bxc3 26. bxc3 Qb7 27. d4 cxd4
28. cxd4 Rb2 29. Qd1 Bg7 30. e5 d5 31. Be2 Qb3 32. Qxb3 Rxb3 33. Ra6 Ne7 34. g4
hxg4 35. Bxg4 Rb7 36. Bg5 Nf5 37. Ra4 Rc7 38. h5 Kh7 39. Kg2 Bh6 1/2-1/2

[Event "9MCR_4D_1L_4S"]
[Site "?"]
[Date "2010.??.??"]
[Round "?"]
[White "Cakl, Miloslav"]
[Black "Stika, Vaclav"]
[Result "1-0"]
[WhiteElo "2041"]
[BlackElo "2106"]
[Annotator "049"]
[PlyCount "113"]
[EventDate "2010.??.??"]
[EventType "corr"]
[SourceDate "2002.06.29"]

1. e4 e5 2. Nf3 Nc6 3. Bb5 a6 4. Ba4 Nf6 5. O-O Be7 6. Re1 b5 7. Bb3 d6 8. c3
O-O 9. d4 Bg4 10. Be3 exd4 11. cxd4 Na5 12. Bc2 Nc4 13. Bc1 c5 14. b3 Nb6 15.
Nbd2 Nfd7 16. h3 Bh5 17. Bb2 Rc8 18. a4 bxa4 19. bxa4 cxd4 20. a5 Nc4 21. Nxc4
Rxc4 22. g4 Bg6 23. Bd3 Rb4 24. Ba3 Rb8 25. Nxd4 Qc7 26. Bxa6 Bf6 27. Bf1 Nc5
28. Rc1 Bxd4 29. Qxd4 Qxa5 30. Bxc5 dxc5 31. Qxc5 Qd2 32. Qe3 Qd8 33. Bc4 h5
34. Bd5 hxg4 35. hxg4 Qh4 36. Qf3 Rfc8 37. Rxc8+ Rxc8 38. Kg2 Qg5 39. Qg3 Qe7
40. Qf4 Re8 41. Re3 Qb4 42. Rb3 Qa4 43. Rf3 Rf8 44. Rc3 Rd8 45. Rc4 Qb5 46. Rc7
Rf8 47. Rc6 Rd8 48. Qf3 Qb4 49. Rxg6 Rxd5 50. Rxg7+ Kxg7 51. exd5 Qd4 52. g5
Qb4 53. Qf6+ Kf8 54. g6 Qe4+ 55. Kh2 Qxd5 56. Qxf7+ Qxf7 57. gxf7 1-0

[Event "9MCR_4D_1L_4S"]
[Site "?"]
[Date "2010.??.??"]
[Round "?"]
[White "Cakl, Miloslav"]
[Black "Sykora, Josef"]
[Result "1/2-1/2"]
[WhiteElo "2041"]
[BlackElo "2319"]
[Annotator "027"]
[PlyCount "84"]
[EventDate "2010.??.??"]
[EventType "corr"]
[SourceDate "2002.06.29"]

1. e4 c6 2. d4 d5 3. Nc3 dxe4 4. Nxe4 Nd7 5. Nf3 Ngf6 6. Nxf6+ Nxf6 7. h3 Bf5
8. Bd3 Bg6 9. O-O e6 10. Re1 Be7 11. c3 O-O 12. Ne5 Bxd3 13. Qxd3 c5 14. Be3
Qc7 15. Bh6 Bd6 16. Qg3 Ne8 17. dxc5 Bxc5 18. Bf4 Bd6 19. Qf3 f6 20. Nd3 e5 21.
Bg3 Rd8 22. Rad1 Qb6 23. Qd5+ Kh8 24. Qb3 Bc7 25. Nb4 Nd6 26. Qc2 Bb8 27. b3
Nb5 28. Nd5 Qc5 29. Qe4 Nxc3 30. Nxc3 Qxc3 31. Qxb7 a5 32. Qe4 Ba7 33. Rxd8
Rxd8 34. Kh2 h6 35. f4 exf4 36. Bxf4 Bb8 37. Bxb8 Rxb8 38. Qe3 Qc7+ 39. Qg3 Qd8
40. Re6 Rb6 41. Re2 Rb8 42. Rc2 Rc8 1/2-1/2

[Event "9MCR_4D_1L_4S"]
[Site "?"]
[Date "2010.??.??"]
[Round "?"]
[White "Cernovsky, Karel"]
[Black "Bednarik, Radovan"]
[Result "1-0"]
[WhiteElo "2266"]
[BlackElo "2043"]
[Annotator "061"]
[PlyCount "95"]
[EventDate "2010.??.??"]
[EventType "corr"]
[SourceDate "2002.06.29"]

1. e4 e5 2. Nf3 Nc6 3. Bb5 a6 4. Ba4 Nf6 5. O-O Be7 6. Re1 b5 7. Bb3 d6 8. c3
O-O 9. h3 Na5 10. Bc2 c5 11. d4 Qc7 12. d5 Bd7 13. Qe2 Rac8 14. b3 Rfe8 15. Be3
g6 16. a4 bxa4 17. bxa4 Rb8 18. Qxa6 c4 19. Na3 Ra8 20. Qb6 Qxb6 21. Bxb6 Nb3
22. Bxb3 cxb3 23. a5 Rec8 24. c4 Bd8 25. Nd2 Bxb6 26. axb6 Rab8 27. c5 Rxc5 28.
Nxb3 Rcc8 29. Nd2 Rxb6 30. Nac4 Rb4 31. Nxd6 Rc2 32. Nf1 Kf8 33. Ne3 Rc5 34.
Reb1 Rxb1+ 35. Rxb1 Ke7 36. Rb6 Bc8 37. Nxc8+ Rxc8 38. Rb7+ Nd7 39. g4 Ke8 40.
g5 f6 41. h4 fxg5 42. hxg5 Nc5 43. Rb4 Nd3 44. Ra4 Nc5 45. Rc4 Ke7 46. Rc1 Rc7
47. f3 Kd8 48. Rc3 1-0

[Event "9MCR_4D_1L_4S"]
[Site "?"]
[Date "2010.??.??"]
[Round "?"]
[White "Cernovsky, Karel"]
[Black "Cakl, Miloslav"]
[Result "1-0"]
[WhiteElo "2266"]
[BlackElo "2041"]
[Annotator "004"]
[PlyCount "55"]
[EventDate "2010.??.??"]
[EventType "corr"]
[SourceDate "2002.06.29"]

1. e4 c5 2. Nf3 d6 3. d4 cxd4 4. Nxd4 Nf6 5. Nc3 a6 6. Be3 e5 7. Nb3 Be6 8. f3
Nbd7 9. Qd2 b5 10. g4 Nb6 11. g5 Nfd7 12. Na5 b4 13. Nd5 Nxd5 14. exd5 Qxa5 15.
dxe6 fxe6 16. Bh3 Qd5 17. Qe2 Rc8 18. O-O Qc4 19. Qxc4 Rxc4 20. a3 bxa3 21.
Rxa3 Rxc2 22. Rxa6 Re2 23. Bf2 Rxb2 24. Bxe6 Be7 25. Ra7 Nc5 26. Bxc5 dxc5 27.
Rd1 Rb8 28. Rdd7 1-0

[Event "9MCR_4D_1L_4S"]
[Site "?"]
[Date "2010.??.??"]
[Round "?"]
[White "Cernovsky, Karel"]
[Black "Kyhos, Alois"]
[Result "1/2-1/2"]
[WhiteElo "2226"]
[BlackElo "2180"]
[Annotator "009"]
[PlyCount "55"]
[EventDate "2010.??.??"]
[EventType "corr"]
[SourceDate "2002.06.29"]

1. e4 e5 2. Nf3 Nc6 3. Bb5 a6 4. Ba4 Nf6 5. O-O Be7 6. Re1 b5 7. Bb3 O-O 8. h3
Bb7 9. d3 d6 10. a4 Na5 11. Ba2 c5 12. Nbd2 Re8 13. Nf1 b4 14. Bg5 Rb8 15. Ne3
h6 16. Bh4 g6 17. Bxf6 Bxf6 18. Bd5 Bc8 19. Nc4 Nxc4 20. dxc4 Rf8 21. b3 Bd7
22. Qd2 Kg7 23. Re3 Be7 24. Rd3 Qc8 25. Qe2 Qc7 26. Re1 Qb6 27. Nd2 a5 28. Rd1
1/2-1/2

[Event "9MCR_4D_1L_4S"]
[Site "?"]
[Date "2010.??.??"]
[Round "?"]
[White "Cernovsky, Karel"]
[Black "Stika, Vaclav"]
[Result "1/2-1/2"]
[WhiteElo "2266"]
[BlackElo "2106"]
[Annotator "050"]
[PlyCount "127"]
[EventDate "2010.??.??"]
[EventType "corr"]
[SourceDate "2002.06.29"]

1. e4 e5 2. Nf3 Nc6 3. Bb5 a6 4. Ba4 Nf6 5. O-O Nxe4 6. Re1 Nc5 7. Bxc6 dxc6 8.
Nxe5 Be7 9. d4 Ne6 10. Be3 O-O 11. Nc3 f6 12. Nf3 Re8 13. d5 cxd5 14. Nxd5 Bd7
15. c4 Bc6 16. Re2 Bd6 17. Rd2 Bxd5 18. Rxd5 Qe7 19. Qb3 c6 20. Rd2 Bb4 21. Rc2
Ba5 22. h3 Rad8 23. Rcc1 Qb4 24. Qc2 Bc7 25. Re1 Qe7 26. Qb3 Rd7 27. g3 Ba5 28.
Red1 Red8 29. Kg2 Qb4 30. Qc2 Qe7 31. a3 Qf7 32. b4 Bc7 33. Rab1 f5 34. Rxd7
Rxd7 35. Ba7 h6 36. Re1 Rd8 37. Qc3 f4 38. g4 Rd7 39. Qc2 a5 40. h4 h5 41. Qf5
hxg4 42. Qxg4 Re7 43. h5 axb4 44. axb4 Qf6 45. Rd1 Rf7 46. Bd4 Qf5 47. Kh3 Nxd4
48. Rxd4 Qb1 49. Qc8+ Rf8 50. Qe6+ Rf7 51. Kg2 Qf5 52. Qxf5 Rxf5 53. Kh3 Rxh5+
54. Kg4 g6 55. Ng5 Rh1 56. Rd7 Be5 57. Nf3 Bc3 58. Rxb7 Rf1 59. Kxf4 Rxf2 60.
Ke4 Kf8 61. Rb6 Ke7 62. Rxc6 Bxb4 63. Rxg6 Kd7 64. Ne5+ 1/2-1/2

[Event "9MCR_4D_1L_4S"]
[Site "?"]
[Date "2010.??.??"]
[Round "?"]
[White "Cernovsky, Karel"]
[Black "Sykora, Josef"]
[Result "1/2-1/2"]
[WhiteElo "2266"]
[BlackElo "2319"]
[Annotator "033"]
[PlyCount "89"]
[EventDate "2010.??.??"]
[EventType "corr"]
[SourceDate "2002.06.29"]

1. e4 c6 2. d4 d5 3. Nc3 dxe4 4. Nxe4 Nd7 5. Nf3 Ngf6 6. Nxf6+ Nxf6 7. c3 Bg4
8. h3 Bxf3 9. Qxf3 Qd5 10. Be2 e6 11. O-O Bd6 12. g3 O-O 13. Be3 Rad8 14. c4
Qf5 15. Kg2 Rd7 16. Qxf5 exf5 17. Bd1 Rfd8 18. Ba4 Re7 19. Rfe1 Bb4 20. Red1
Ba5 21. Bc2 g6 22. Rab1 Bc7 23. b4 a6 24. Rb3 h5 25. a4 Red7 26. b5 h4 27. gxh4
cxb5 28. Bg5 Kg7 29. h5 gxh5 30. Rf3 Rxd4 31. Rxf5 Rxd1 32. Bxf6+ Kh6 33. Bxd8
Rxd8 34. cxb5 axb5 35. Rxf7 Rg8+ 36. Kf1 Rg7 37. Rf6+ Kg5 38. Rf5+ Kh4 39. Rxb5
Kxh3 40. a5 Bd8 41. Be4 Kh4 42. Rd5 Bf6 43. Bf3 Rg5 44. Rxg5 Kxg5 45. Bxb7
1/2-1/2

[Event "9MCR_4D_1L_4S"]
[Site "?"]
[Date "2010.??.??"]
[Round "?"]
[White "Hlavacek, Ladislav"]
[Black "Bednarik, Radovan"]
[Result "1/2-1/2"]
[WhiteElo "2004"]
[BlackElo "2043"]
[Annotator "019"]
[PlyCount "96"]
[EventDate "2010.??.??"]
[EventType "corr"]
[SourceDate "2002.06.29"]

1. d4 d5 2. Nf3 Nf6 3. Nc3 e6 4. Bf4 Bb4 5. Qd3 Ne4 6. Nd2 Nxc3 7. bxc3 Bd6 8.
Bxd6 Qxd6 9. e4 O-O 10. Be2 b6 11. c4 Ba6 12. c3 Nd7 13. e5 Qe7 14. O-O f6 15.
f4 fxe5 16. fxe5 Qg5 17. Nf3 Qe7 18. Qc2 dxc4 19. Qa4 Bb7 20. Qxc4 c5 21. Qd3
Rac8 22. Rad1 cxd4 23. cxd4 Bd5 24. a3 Bc4 25. Qe4 Bd5 26. Qe3 Rc2 27. Rc1 Rfc8
28. Rxc2 Rxc2 29. Nd2 Nf8 30. Ne4 Ng6 31. Nd6 Qh4 32. Rf2 Qh6 33. Qxh6 gxh6 34.
Bf3 Rc1+ 35. Rf1 Rxf1+ 36. Kxf1 Bxf3 37. gxf3 a6 38. Ke2 Nf4+ 39. Ke3 Nd5+ 40.
Ke4 Nc3+ 41. Kd3 Nd5 42. Nc4 b5 43. Ne3 a5 44. Nxd5 exd5 45. f4 Kf7 46. f5 Ke7
47. h3 h5 48. h4 Kf7 1/2-1/2

[Event "9MCR_4D_1L_4S"]
[Site "?"]
[Date "2010.??.??"]
[Round "?"]
[White "Hlavacek, Ladislav"]
[Black "Cernovsky, Karel"]
[Result "0-1"]
[WhiteElo "2004"]
[BlackElo "2266"]
[Annotator "018"]
[PlyCount "100"]
[EventDate "2010.??.??"]
[EventType "corr"]
[SourceDate "2002.06.29"]

1. d4 Nf6 2. c4 e6 3. Nc3 Bb4 4. Nf3 b6 5. e3 Bb7 6. Bd3 Ne4 7. Qb3 Bxc3+ 8.
bxc3 Ng5 9. Nd2 Bxg2 10. Rg1 Bb7 11. Qd1 h6 12. Qg4 g6 13. h4 Nh7 14. Qf4 Nf6
15. d5 exd5 16. cxd5 d6 17. Bb5+ Nbd7 18. c4 Nh5 19. Qg4 a6 20. Ba4 Qe7 21. Bb2
Rf8 22. Bc2 O-O-O 23. O-O-O Rg8 24. Kb1 Kb8 25. Nb3 Nhf6 26. Qe2 h5 27. e4 Rde8
28. f3 Ne5 29. Rh1 Nfd7 30. f4 Ng4 31. Rde1 f5 32. Qd2 fxe4 33. Rxe4 Qf7 34.
Rhe1 Rxe4 35. Rxe4 Nh6 36. Nd4 Nc5 37. Re1 Nf5 38. Nf3 Re8 39. Ba3 Bc8 40. Kc1
Bd7 41. Ng5 Rxe1+ 42. Qxe1 Qf8 43. Nf3 Kb7 44. Bxc5 bxc5 45. Kb1 c6 46. Ba4 Ne7
47. Kb2 Qf6+ 48. Kb3 Kb6 49. Qe3 Kc7 50. Qe1 cxd5 0-1

[Event "9MCR_4D_1L_4S"]
[Site "?"]
[Date "2010.??.??"]
[Round "?"]
[White "Hlavacek, Ladislav"]
[Black "Karasova, Eva"]
[Result "1/2-1/2"]
[WhiteElo "2004"]
[BlackElo "2228"]
[Annotator "031"]
[PlyCount "65"]
[EventDate "2010.??.??"]
[EventType "corr"]
[SourceDate "2002.06.29"]

1. Nf3 Nf6 2. Nc3 d5 3. d4 g6 4. Bf4 Bg7 5. e3 O-O 6. Be2 c5 7. dxc5 Qa5 8. O-O
Qxc5 9. Qd4 Qa5 10. b4 Qd8 11. b5 Bg4 12. Rad1 e6 13. Qb4 a5 14. Qb3 a4 15. Qb4
Qa5 16. Qxa5 Rxa5 17. Bc7 Ra8 18. b6 Rc8 19. Nb5 Na6 20. c4 Nxc7 21. bxc7 Ne8
22. h3 Bxf3 23. Bxf3 Nxc7 24. Nxc7 Rxc7 25. cxd5 Rc2 26. dxe6 fxe6 27. a3 Bf8
28. Bxb7 Ra7 29. Rd7 Bxa3 30. Bc8 Ra8 31. Rd3 Rcxc8 32. Rxa3 Rcb8 33. Rfa1
1/2-1/2

[Event "9MCR_4D_1L_4S"]
[Site "?"]
[Date "2010.??.??"]
[Round "?"]
[White "Hlavacek, Ladislav"]
[Black "Tomisek, Petr"]
[Result "1/2-1/2"]
[WhiteElo "2004"]
[BlackElo "2187"]
[Annotator "005"]
[PlyCount "54"]
[EventDate "2010.??.??"]
[EventType "corr"]
[SourceDate "2002.06.29"]

1. d4 d5 2. c4 Nc6 3. cxd5 Qxd5 4. Nf3 e5 5. Nc3 Bb4 6. Bd2 Bxc3 7. Bxc3 e4 8.
Ne5 e3 9. Nxc6 exf2+ 10. Kxf2 bxc6 11. e4 Qxe4 12. Bc4 Qf5+ 13. Qf3 Ne7 14.
Rae1 Qxf3+ 15. gxf3 Be6 16. Bxe6 fxe6 17. Rhg1 Rg8 18. Rxe6 Kd7 19. Re5 g6 20.
Bd2 Nd5 21. h4 Rgb8 22. b3 a5 23. h5 a4 24. hxg6 axb3 25. axb3 hxg6 26. Rxg6
Rxb3 27. Rg7+ Kd6 1/2-1/2

[Event "9MCR_4D_1L_4S"]
[Site "?"]
[Date "2010.??.??"]
[Round "?"]
[White "Hlavacek, Ladislav"]
[Black "Urban, Milos"]
[Result "1-0"]
[WhiteElo "2004"]
[BlackElo "1620"]
[Annotator "022"]
[PlyCount "77"]
[EventDate "2010.??.??"]
[EventType "corr"]
[SourceDate "2002.06.29"]

1. d4 Nf6 2. c4 e6 3. Nf3 d5 4. Nc3 c6 5. e3 Nbd7 6. Bd3 dxc4 7. Bxc4 b5 8. Bd3
a6 9. a4 b4 10. Ne4 Nxe4 11. Bxe4 Bb7 12. O-O Nf6 13. Bd3 c5 14. Qe2 Be7 15.
dxc5 Bxc5 16. e4 O-O 17. e5 Bxf3 18. Qxf3 Nd7 19. Bf4 f5 20. Bc4 Re8 21. Qc6
Qe7 22. Bg5 Qf7 23. Rad1 Bxf2+ 24. Rxf2 Nxe5 25. Qc5 Nxc4 26. Qxc4 Qh5 27. Qc1
Rac8 28. Qd2 h6 29. Be3 Qh4 30. Rf4 Qf6 31. Rxb4 Red8 32. Rd4 Rxd4 33. Bxd4 Qd8
34. Qe2 Qe8 35. Qxa6 Ra8 36. Qb7 Qf8 37. Bxg7 Qc5+ 38. Bd4 Qf8 39. Rd3 1-0

[Event "9MCR_4D_1L_4S"]
[Site "?"]
[Date "2010.??.??"]
[Round "?"]
[White "Hlavacek, Ladislav"]
[Black "Volf, Michal"]
[Result "0-1"]
[WhiteElo "2004"]
[BlackElo "1760"]
[Annotator "016"]
[PlyCount "32"]
[EventDate "2010.??.??"]
[EventType "corr"]
[SourceDate "2002.06.29"]

1. d4 Nf6 2. c4 e6 3. Nf3 Be7 4. Nc3 d5 5. cxd5 exd5 6. e3 Bf5 7. Bd3 Bxd3 8.
Qxd3 c6 9. O-O O-O 10. Re1 Nbd7 11. e4 dxe4 12. Nxe4 Re8 13. Bd2 Nxe4 14. Qxe4
Nf6 15. Qf5 Qd7 16. a3 Qxf5 0-1

[Event "9MCR_4D_1L_4S"]
[Site "?"]
[Date "2010.??.??"]
[Round "?"]
[White "Karasova, Eva"]
[Black "Bednarik, Radovan"]
[Result "1-0"]
[WhiteElo "2228"]
[BlackElo "2043"]
[Annotator "059"]
[PlyCount "63"]
[EventDate "2010.??.??"]
[EventType "corr"]
[SourceDate "2002.06.29"]

1. e4 e5 2. Nf3 Nc6 3. Bb5 a6 4. Ba4 Nf6 5. O-O Be7 6. Re1 b5 7. Bb3 d6 8. c3
O-O 9. h3 Na5 10. Bc2 c5 11. d4 Qc7 12. Nbd2 cxd4 13. cxd4 Bb7 14. d5 Rac8 15.
Bd3 Nd7 16. Nf1 f5 17. b3 Qc3 18. Rb1 Qc7 19. exf5 Bxd5 20. Ng5 Qb7 21. Nxh7
Rf7 22. f6 gxf6 23. Ne3 Be6 24. Qh5 Rg7 25. Ng4 f5 26. Nh6+ Kh8 27. Ng5 Bxg5
28. Nxf5+ Rh7 29. Qxh7+ Kxh7 30. Nxd6+ Kh6 31. Nxb7 Nxb7 32. f4 1-0

[Event "9MCR_4D_1L_4S"]
[Site "?"]
[Date "2010.??.??"]
[Round "?"]
[White "Karasova, Eva"]
[Black "Cakl, Miloslav"]
[Result "1/2-1/2"]
[WhiteElo "2228"]
[BlackElo "2041"]
[Annotator "052"]
[PlyCount "107"]
[EventDate "2010.??.??"]
[EventType "corr"]
[SourceDate "2002.06.29"]

1. e4 c5 2. Nf3 e6 3. d4 cxd4 4. Nxd4 Nf6 5. Nc3 d6 6. Be3 Nc6 7. f3 Be7 8. Qd2
O-O 9. g4 a6 10. O-O-O Nxd4 11. Bxd4 Nd7 12. h4 b5 13. g5 b4 14. Ne2 a5 15. Kb1
Ne5 16. f4 Nc4 17. Qe1 Qc7 18. Ng3 Re8 19. Qf2 a4 20. Bxg7 Kxg7 21. Qd4+ Ne5
22. Nh5+ Kh8 23. Bb5 Rf8 24. fxe5 dxe5 25. Qe3 a3 26. b3 Qc5 27. Qxc5 Bxc5 28.
Rhf1 Ra5 29. Be2 Ra7 30. Bd3 Bd7 31. Nf6 Be8 32. Rf3 Bc6 33. Ng4 Bd4 34. Rf6
Rc7 35. Rdf1 Re7 36. Kc1 Bc3 37. Rh6 Kg7 38. Nf6 Rh8 39. Nh5+ Kg8 40. Kd1 Be8
41. Ke2 Bd7 42. Kf3 Bd4 43. Kg4 Bc3 44. Nf6+ Kg7 45. Kh5 Bd4 46. Rf3 Bb2 47.
Kg4 Bc6 48. Kg3 Ba1 49. Ng4 Rd7 50. Rf1 Bc3 51. Rff6 Rg8 52. Kf2 Kh8 53. Rh5
Rg6 54. Kg2 1/2-1/2

[Event "9MCR_4D_1L_4S"]
[Site "?"]
[Date "2010.??.??"]
[Round "?"]
[White "Karasova, Eva"]
[Black "Cernovsky, Karel"]
[Result "1/2-1/2"]
[WhiteElo "2228"]
[BlackElo "2266"]
[Annotator "042"]
[PlyCount "90"]
[EventDate "2010.??.??"]
[EventType "corr"]
[SourceDate "2002.06.29"]

1. e4 e5 2. Nf3 Nc6 3. Bb5 a6 4. Ba4 Nf6 5. O-O Be7 6. Re1 b5 7. Bb3 d6 8. c3
O-O 9. h3 Na5 10. Bc2 c5 11. d4 cxd4 12. cxd4 Bb7 13. Nbd2 exd4 14. Nxd4 Rc8
15. b4 Nc6 16. Nxc6 Bxc6 17. Bb2 Nd7 18. Nf1 Ne5 19. Ne3 Re8 20. Nf5 Bd7 21.
Bb3 Bxf5 22. exf5 Bf6 23. a4 Qd7 24. Be6 fxe6 25. Bxe5 exf5 26. Bxf6 gxf6 27.
Qd5+ Kg7 28. Rxe8 Rxe8 29. axb5 axb5 30. Ra3 h5 31. Qd4 Re1+ 32. Kh2 Re4 33.
Qb6 Re7 34. Rd3 Re2 35. Qd4 Re4 36. Rg3+ Kf7 37. Qd5+ Qe6 38. Qxb5 Qe5 39. Qd7+
Kf8 40. Qd8+ Kf7 41. Qg8+ Ke7 42. Qh7+ Ke6 43. Qxh5 Rxb4 44. Qe8+ Kd5 45. Qg8+
Kc6 1/2-1/2